000 00635nam a2200229Ia 4500
003 OSt
005 20220928125005.0
006 a|||||r|||| 00| 0
007 ta
008 220927b |||||||| |||| 00| 0 eng d
024 _a32287
037 _cReference Collections
040 _aSDCL
_cSDCL
_beng
041 _2eng
_aeng
082 _aS6g, L3 RR
100 _aEysenck H J Ed.
_9467451
245 0 _aHandbook of abnormal Psychology.
260 _aEngland
_bPitman Medical
_c1973
300 _axvi,906p
_ccm.
942 _hS6g, L3 RR
_cREF
_2CC
999 _c780298
_d780298